00571nam a2200205Ia 4500003000400000005001700004008004100021020001900062040000700081041000800088082001300096100002000109245002200129260001700151300000900168700002700177942001300204999001900217952012900236OSt20260224114008.0250729s2007 xx 000 0 und d a978-1912333363 cAL aeng a000 HIMS aHi-Mark9229690 aThe school winner aKeralac2007 a619p aRao Digumurthi9229691 2ddccBED c238416d238416 00104070aALbALd2025-07-29eManagement Booksg100.00l0o000 HIMSpBED03735r2025-07-29 16:56:42v100.00w2025-07-29yBK